Members of the European Union - Sudden Death - Statistics

General Stats
  • This quiz has been taken 1,996 times
  • The average score is 16 of 27
Answers on the Grid
Answers color-coded by a green-red scale on the quiz's grid according to % correct below.
Albania
Andorra
Armenia
Austria
Azerbaijan
Belarus
Belgium
Bosnia and Herzegovina
Bulgaria
Croatia
Cyprus
Czech Republic
Denmark
Estonia
Finland
France
Germany
Georgia
Greece
Hungary
Iceland
Ireland
Italy
Kosovo
Latvia
Liechtenstein
Lithuania
Luxembourg
Malta
Moldova
Monaco
Montenegro
Netherlands
North Macedonia
Norway
Poland
Portugal
Romania
Russia
San Marino
Serbia
Slovakia
Slovenia
Spain
Sweden
Switzerland
Turkey
Ukraine
United Kingdom
Vatican City
 
Answer Stats
Answer % Correct
France
84%
Belgium
78%
Germany
78%
Austria
73%
Denmark
73%
Greece
73%
Italy
71%
Czech Republic
65%
Croatia
63%
Ireland
63%
Estonia
61%
Finland
61%
Hungary
61%
Luxembourg
55%
Netherlands
54%
Portugal
54%
Spain
54%
Bulgaria
53%
Poland
52%
Latvia
50%
Cyprus
49%
Lithuania
46%
Slovakia
43%
Sweden
43%
Slovenia
42%
Romania
40%
Malta
38%
No matching quizzes found
Score Distribution
Percent of People with Each Score
Percentile by Number Answered
Your Score History
You have not taken this quiz